00800cam a22002297a 4500003000500000005001700005008004100022010000900063011000900072035000900081040000900090082001600099100002200115245011700137260009300254300001100347490004400358650003600402650004600438650004200484830004400526CHAP20220329133541.0971013s1992 r 00010 d a7757 a8729 a7959 cCHAP a681.763bK300aKainowitz, David.13aEl apoyo tecnológico necesario para promover las exportaciones agricolas no tradicionales en América Central aSan José, C.R. :bInstituto Interamericano de Cooperación para la Agricultura,c1992 a101 p. 0aIICA. Serie documentos de trabajov; 3014aAgriculturaxAmérica Central.14aAgriculturaxInnovaciones tecnológicas.14aProductos agrícolasxExportación.0 aIICA. Serie documentos de trabajov; 30